000 00668nam a2200241Ia 4500
003 OSt
005 20220918201617.0
006 a|||||r|||| 00| 0
007 ta
008 220917b |||||||| |||| 00| 0 eng d
024 _a95,181
037 _cTextual
040 _aARTS
_cARTS
_beng
041 _2eng
_aeng
082 _aV1N48N39<-N18, M1
100 _aHolland R F
_999800
245 0 _aBritain and the commonwealth alliance 1918 -1939
260 _aLondon
_bMacmillan press
_c1981
490 _aCambriodge commonwelth series
650 _aHISTORY
942 _hV1N48N39<-N18, M1
_cTEXL
_2CC
999 _c218804
_d218804